Beyond compliance embedding ESG on organisational culture-a Kenyan perspective
| Szerző: | |
|---|---|
| Dokumentumtípus: | Könyv része |
| Megjelent: |
Budapesti Gazdaságtudományi Egyetem
Budapest, Magyarország
2026
|
| Sorozat: | ESG - Risk Management or New Sustainability? VIII.BUEB International Sustainability Student ConferenceProceedings - Budapest University of Economics and Business 2025
|
| Tárgyszavak: | |
| doi: | 10.29180/978-615-6886-27-9_11 |
| Kulcsszavak: | Environmental Social and Governance Organisational culture Sustainability Competitive Advantage Business Transformation |
| Online Access: | http://publikaciotar.uni-bge.hu/2641 |
MARC
| LEADER | 00000naa a2200000 i 4500 | ||
|---|---|---|---|
| 001 | publ2641 | ||
| 005 | 20260326122707.0 | ||
| 008 | 260326s2026 hu o 000 zxx d | ||
| 020 | |a 978-615-6886-27-9 | ||
| 024 | |a 10.29180/978-615-6886-27-9_11 |2 doi | ||
| 040 | |a BGE Publikációtár Repozitórium |b hun | ||
| 100 | 1 | |a Ngetich Ruth Jeptepkeny | |
| 245 | 1 | 0 | |a Beyond compliance |b embedding ESG on organisational culture-a Kenyan perspective |c Ngetich Ruth Jeptepkeny |h [elektronikus dokumentum] |
| 260 | |a Budapesti Gazdaságtudományi Egyetem |b Budapest, Magyarország |c 2026 | ||
| 300 | |a 1-15 | ||
| 490 | 0 | |a ESG - Risk Management or New Sustainability? VIII.BUEB International Sustainability Student ConferenceProceedings - Budapest University of Economics and Business 2025 | |
| 650 | 4 | |a gazdálkodás- és szervezéstudományok | |
| 695 | |a Environmental | ||
| 695 | |a Social and Governance | ||
| 695 | |a Organisational culture | ||
| 695 | |a Sustainability | ||
| 695 | |a Competitive Advantage | ||
| 695 | |a Business Transformation | ||
| 856 | 4 | 0 | |u https://publikaciotar.uni-bge.hu/id/eprint/2641/1/SUS%20Conference%20Proceedings%20-%20ESG%20Risk%20Managenemt_11.cikk.pdf |z Dokumentum-elérés |